[Event "GER CupT qual"]
[Site "Bad Oldesloe"]
[Date "2007.01.13"]
[Round "?"]
[White "Mueller, Oliver"]
[Black "Katzer, Johannes"]
[Result "1-0"]
[WhiteElo "2298"]
[BlackElo "2107"]
[PlyCount "87"]
[EventDate "2007.01.13"]
[EventType "team"]
[EventRounds "1"]
[EventCountry "GER"]
[SourceTitle "EXT 2008"]
[Source "ChessBase"]
[SourceDate "2007.11.25"]
[SourceVersion "1"]
[SourceVersionDate "2007.11.25"]
[SourceQuality "1"]
[WhiteTeam "Werder Bremen "]
[BlackTeam "Bad Oldesloe"]
[WhiteTeamCountry "GER"]
[BlackTeamCountry "GER"]

1. e4 d6 2. Nc3 Nf6 3. d4 g6 4. Be2 Bg7 5. Be3 a6 6. a4 0-0 7. h4 h5 8. f3 b6 9. Qd2 Bb7 10. Nh3 Nbd7 11. Bh6 c5 12. Bxg7 Kxg7 13. d5 Ne5 14. Ng5 b5 15. axb5 axb5 16. Rxa8 Qxa8 17. Bxb5 Qa1+ 18. Nd1 Rb8 19. Be2 Ba6 20. 0-0 Bxe2 21. Qxe2 Qc1 22. f4 Neg4 23. c4 Nd7 24. e5 dxe5 25. f5 Nf8 26. fxg6 f6 27. Ne4 Rb4 28. d6 exd6 29. Nxd6 Nxg6 30. Nf5+ Kh8 31. Nde3 Qxb2 32. Qd3 Rb8 33. Nxg4 hxg4 34. Qd7 Qb7 35. Qe6 Qb6 36. Qd7 Qb7 37. Qe6 Rf8 38. Qd6 Rf7 39. Nh6 Nf4 40. Nxf7+ Qxf7 41. Rb1 Ne2+ 42. Kf2 g3+ 43. Kxe2 Qxc4+ 44. Qd3 1-0

[Event "Hamburg Junge op"]
[Site "Hamburg"]
[Date "2005.10.03"]
[Round "3"]
[White "Akram, Rashed"]
[Black "Katzer, Johannes"]
[Result "0-1"]
[WhiteElo "1839"]
[BlackElo "2118"]
[PlyCount "44"]
[EventDate "2005.10.01"]
[EventType "swiss"]
[EventRounds "9"]
[EventCountry "GER"]
[SourceTitle "CBM 108 Extra"]
[Source "ChessBase"]
[SourceDate "2005.11.04"]
[SourceVersion "1"]
[SourceVersionDate "2005.11.04"]
[SourceQuality "1"]

1. e4 d6 2. d4 Nf6 3. Nc3 g6 4. Bg5 Bg7 5. e5 dxe5 6. dxe5 Ng4 7. Nd5 c6 8. Nxe7 Qa5+ 9. Qd2 Qxd2+ 10. Kxd2 Nxf2 11. Nxc8 Ne4+ 12. Ke1 Nxg5 13. Nd6+ Ke7 14. Nxb7 Bxe5 15. c3 Nd7 16. Na5 Rhc8 17. Nc4 Bf6 18. Nf3 Ne4 19. Rc1 Rab8 20. Nfd2 Nxd2 21. Nxd2 Rxb2 22. Bc4 Ne5 0-1